Most Populous Countries to Never Have Hosted to Olympics - Statistics

General Stats
  • This quiz has been taken 457 times
  • The average score is 8 of 10
Answer Stats
Hint Answer % Correct
1,339,180,127 India
99%
263,991,379 Indonesia
92%
190,886,311 Nigeria
89%
197,015,955 Pakistan
89%
164,669,751 Bangladesh
84%
97,553,151 Egypt
82%
104,957,438 Ethiopia
75%
104,918,090 Philippines
74%
95,540,800 Vietnam
74%
81,339,988 D.R.Congo
73%
No matching quizzes found
Score Distribution
Percent of People with Each Score
Percentile by Number Answered
Your Score History
You have not taken this quiz